000
00321nam a22001457a 4500
008
230926b ||||| |||| 00| 0 eng d
020
_a
9780534247805
041
_a
eng
080
_a
316
082
_a
316LOF
100
_a
24
101
_a
SOCIOLO
245
_a
ANALYZING SOCIAL SETTINGS
_c
LOFLAND.J
942
_2
udc
_c
BK
999
_c
60401
_d
60401